| 000 | 00701nam a22001937a 4500 | ||
|---|---|---|---|
| 003 | NUST - PNEC | ||
| 005 | 20170116181200.0 | ||
| 008 | 160208b xxu||||| |||| 00| 0 eng d | ||
| 020 | _a8178842653 | ||
| 040 | _cLIBRARY | ||
| 082 | _a363.7284 MAR | ||
| 100 |
_916294 _aMariyam Noor |
||
| 245 |
_aComplete book on waste water treatment _cMariyam Noor |
||
| 260 |
_aNew Delhi: _bCyber Tech Publications; _c2007 |
||
| 300 | _a294 pages | ||
| 650 |
_916296 _aWater resources development _bWater resources development _xGeneral |
||
| 856 | _uhttp://www.amazon.com/Complete-Book-Waste-Water-Treatment/dp/8178842653/ref=sr_1_1?s=books&ie=UTF8&qid=1454929357&sr=1-1&keywords=8178842653 | ||
| 942 |
_2ddc _cBK |
||
| 999 |
_c71408 _d71408 |
||